000 01802nam a2200241Ia 4500
008 260220t1969||||xx |||||||||||||| ||spa||
040 _aPY-SlUNAC
_bspa
_erda
041 _aspa
082 _a510
_bC279m
100 _aCasulleras Regas, Juan
_eAutor
245 0 _aMatemáticas preuniversitario :
_btemario de clases prácticas /
_cpor Juan Casulleras Regas [Autor]
264 _aMadrid :
_bGrupo Anaya,
_c℗1969.
300 _a1 volumen
520 _aEl libro "Matemáticas preuniversitario" de Juan Casulleras Regas es un recurso educativo diseñado para estudiantes que se preparan para el acceso a la educación superior. Publicado en 1969 por Grupo Anaya, el texto se centra en ofrecer un temario de clases prácticas que aborda los conceptos fundamentales de las matemáticas necesarias para afrontar con éxito los exámenes de ingreso. A través de una estructura clara y sistemática, el autor presenta temas como álgebra, geometría y trigonometría, complementados con ejemplos y ejercicios que fomentan la comprensión y la aplicación de los conocimientos. La obra destaca por su enfoque didáctico, que busca no solo transmitir información, sino también desarrollar habilidades analíticas y de resolución de problemas en los estudiantes. Además, se considera un material de referencia valioso para aquellos que desean fortalecer su base matemática antes de ingresar a la educación universitaria, contribuyendo así a una formación académica sólida y a una preparación efectiva para futuros retos académicos.
653 _aEducación
653 _aMatemáticas
653 _aMétodos de enseñanza
942 _b2026/02/17
_cBK
999 _c7327
_d7327